[Event "Superettan(Schack 08-Malmo)"]
[Site "?"]
[Date "2016.03.19"]
[Round "8"]
[White "Rosberg, Simon"]
[Black "Andersson, Ulf"]
[Result "1/2-1/2"]
[WhiteElo "2317"]
[BlackElo "2512"]
[PlyCount "80"]
1. Nf3 Nf6 2. c4 c5 3. Nc3 g6 4. e4 d6 5. d4 cxd4 6. Nxd4 Nc6 7. Be2 Nxd4 8.
Qxd4 Bg7 9. Bg5 O-O 10. Qd2 Be6 11. Rc1 Qa5 12. f3 Rfc8 13. b3 a6 14. Nd5 Qxd2+
15. Kxd2 Nxd5 16. exd5 Bd7 17. h4 e6 18. h5 exd5 19. hxg6 hxg6 20. cxd5 Be5 21.
Bd3 Kf8 22. g4 Rxc1 23. Rxc1 Rc8 24. Rxc8+ Bxc8 25. f4 Bd4 26. f5 gxf5 27. Bxf5
Bxf5 28. gxf5 Ke8 29. Kd3 Bc5 30. a4 b5 31. axb5 axb5 32. Bf6 Kd7 33. Bc3 Ke7
34. f6+ Kd7 35. Ke4 Ke8 36. Bd2 Kd7 37. Bc3 Ke8 38. Bd2 Kd7 39. Bc3 Ke8 40. Bd2
Kd7 1/2-1/2

[Event "Superettan(Solna-Vaxjo)"]
[Site "?"]
[Date "2016.03.19"]
[Round "8"]
[White "Jonsson, Mikael"]
[Black "Rydstrom, Tom"]
[Result "0-1"]
[WhiteElo "2284"]
[BlackElo "2307"]
[PlyCount "134"]
1. d4 Nf6 2. c4 e6 3. Nc3 Bb4 4. Qc2 b6 5. a3 Bxc3+ 6. Qxc3 Bb7 7. Nf3 d6 8. g3
Nbd7 9. Bg2 O-O 10. O-O Qe7 11. Rd1 c5 12. h3 Rac8 13. Be3 Rc7 14. dxc5 Nxc5
15. Rac1 Rfc8 16. b4 Nce4 17. Qd3 e5 18. Nd2 Nxd2 19. Qxd2 Bxg2 20. Kxg2 Ne8
21. Qd5 h5 22. c5 bxc5 23. bxc5 dxc5 24. Rc4 Nf6 25. Qf3 g6 26. Bg5 Kg7 27. Rc2
Qe6 28. Rcd2 Rc6 29. Bxf6+ Qxf6 30. Qc3 c4 31. Rd5 Rc5 32. e4 h4 33. Rd6 Qg5
34. Rd7 Rb5 35. Qf3 Qf6 36. Qxf6+ Kxf6 37. Rc1 hxg3 38. fxg3 Rb2+ 39. Kf3 c3
40. Ke3 Ke6 41. Rxa7 Rh2 42. Ra6+ Ke7 43. h4 c2 44. Kd3 Rg2 45. Ra5 Rxg3+ 46.
Kd2 Kf6 47. Ra6+ Kg7 48. Ra5 f6 49. Ra7+ Kh6 50. Ra6 Rf3 51. Ke2 Rf4 52. Kd3
Kh5 53. a4 f5 54. exf5 gxf5 55. a5 e4+ 56. Ke2 Rxh4 57. Ke3 Rh3+ 58. Kf4 Rf3+
59. Ke5 Re8+ 60. Re6 Rxe6+ 61. Kxe6 e3 62. a6 e2 63. a7 Ra3 64. Kxf5 Ra5+ 65.
Ke4 Rxa7 66. Kd3 Re7 67. Kd2 e1=Q+ 0-1

[Event "Superettan(Kamraterna-Rockaden,SthlmII)"]
[Site "?"]
[Date "2016.03.18"]
[Round "7"]
[White "Sandbom, Jonas"]
[Black "Svensson, Bengt"]
[Result "0-1"]
[WhiteElo "2097"]
[BlackElo "2339"]
[PlyCount "66"]
1. e4 c5 2. Nf3 e6 3. d4 cxd4 4. Nxd4 a6 5. Bd3 Bc5 6. Nb3 Be7 7. O-O d6 8. Nc3
Nf6 9. f4 Qc7 10. a4 b6 11. Qf3 Bb7 12. Qg3 g6 13. Be3 Nbd7 14. Rae1 h5 15. Kh1
Ng4 16. Bd4 Rh6 17. h3 Ngf6 18. e5 h4 19. Qe3 Nh5 20. f5 Ng3+ 21. Kg1 g5 22.
exd6 Qxd6 23. Rf2 O-O-O 24. Ne4 Qc7 25. Nxg5 Bxg5 26. Qxg5 Rh5 27. Qe7 Nxf5 28.
Qxf7 Rg5 29. Qxe6 Bxg2 30. Rxg2 Rxg2+ 31. Kxg2 Qg3+ 32. Kf1 Qf3+ 33. Bf2 Ng3+
0-1

[Event "Superettan(Malmo-Solna)"]
[Site "?"]
[Date "2016.03.18"]
[Round "7"]
[White "Johansson, Gunnar"]
[Black "Reimanis, Ritvars"]
[Result "1/2-1/2"]
[WhiteElo "2218"]
[BlackElo "2183"]
[PlyCount "219"]
[SourceDate "2016.04.07"]
1. d4 Nf6 2. c4 e6 3. Nc3 Bb4 4. Qc2 O-O 5. Nf3 Re8 6. a3 Bxc3+ 7. Qxc3 d6 8.
g3 b6 9. Bg2 Bb7 10. O-O Nbd7 11. b4 a5 12. Bb2 Qe7 13. Rac1 axb4 14. axb4 c5
15. Rfd1 Ra4 16. bxc5 bxc5 17. Ra1 Rea8 18. Qb3 Rxa1 19. Rxa1 Rxa1+ 20. Bxa1
Bc6 21. e3 Qd8 22. Bc3 Qc7 23. Nd2 Bxg2 24. Kxg2 Kf8 25. Qb5 Ke7 26. Ba5 Qc8
27. Bc3 Qa8+ 28. f3 Qa3 29. Qb2 Qa6 30. Kf2 Ne8 31. Qc1 Qb6 32. dxc5 Qxc5 33.
Bd4 Qb4 34. Qc3 Qxc3 35. Bxc3 Nc5 36. e4 Kd7 37. Ke3 Kc6 38. f4 g6 39. Nf3 h6
40. g4 Na4 41. Bd4 f6 42. e5 dxe5 43. fxe5 f5 44. gxf5 gxf5 45. Kf4 Nc5 46. Kg3
Ne4+ 47. Kh4 Ng7 48. Be3 f4 49. Bxf4 Kc5 50. Bxh6 Nf5+ 51. Kh5 Kxc4 52. Bg5 Nf2
53. h4 Kd5 54. Bf6 Ke4 55. Ng5+ Kd5 56. Nf7 Nd3 57. Kg5 Ng3 58. h5 Nxh5 59.
Kxh5 Ke4 60. Kg5 Kd4 61. Bg7 Kd5 62. Kf6 Nc5 63. Ke7 Nd3 64. Bf6 Nf4 65. Kd7
Ng6 66. Kc7 Nf4 67. Bh4 Nd3 68. Bg3 Nb2 69. Bh2 Nd3 70. Kd7 Nc5+ 71. Ke7 Nd3
72. Kf6 Nc5 73. Kg5 Nd3 74. Kg4 Ke4 75. Bg3 Kd5 76. Kf3 Kd4 77. Ke2 Nc1+ 78.
Kd2 Nd3 79. Bh2 Nb4 80. Nd6 Kd5 81. Kc3 Na2+ 82. Kb3 Nc1+ 83. Kc2 Na2 84. Bf4
Nb4+ 85. Kc3 Na6 86. Nb7 Kc6 87. Na5+ Kd5 88. Nb3 Ke4 89. Bh2 Kd5 90. Bg3 Nc7
91. Kd3 Na6 92. Nd2 Nb4+ 93. Ke3 Nc2+ 94. Ke2 Kd4 95. Nf3+ Ke4 96. Ng5+ Kd5 97.
Nf3 Ke4 98. Bh2 Kd5 99. Kd3 Nb4+ 100. Ke3 Nc6 101. Bg3 Ne7 102. Kf4 Nc8 103.
Nh2 Ne7 104. Ng4 Nc6 105. Ke3 Nb4 106. Nf6+ Kc5 107. Ke4 Kc6 108. Be1 Na6 109.
Nh5 Nc5+ 110. Kd4 1/2-1/2

[Event "Superettan(Kamraterna-Rockaden,SthlmII)"]
[Site "?"]
[Date "2016.03.18"]
[Round "7"]
[White "Hamark, Jesper"]
[Black "Bit-Narva, David"]
[Result "0-1"]
[WhiteElo "2325"]
[BlackElo "2096"]
[PlyCount "146"]
[SourceDate "2016.04.06"]
1. g3 e5 2. c4 d6 3. Bg2 g6 4. Nc3 Bg7 5. e4 Nc6 6. Nge2 Nge7 7. d3 O-O 8. O-O
f5 9. Nd5 Be6 10. Be3 Qd7 11. Qd2 fxe4 12. dxe4 Bg4 13. f3 Be6 14. Rac1 Nd8 15.
Rfd1 Nf7 16. b3 c6 17. Nxe7+ Qxe7 18. Rc3 Bf6 19. Rd3 h5 20. f4 h4 21. Rf1 Bc8
22. Nc3 Kh7 23. Qd1 Nh6 24. f5 gxf5 25. Qh5 f4 26. Bxf4 exf4 27. gxf4 Qg7 28.
e5 dxe5 29. fxe5 Be7 30. Rxf8 Qxf8 31. Be4+ Bf5 32. Rd7 Qg7+ 33. Kh1 Rf8 34.
Rd1 Bxe4+ 35. Nxe4 Qf7 36. Qxf7+ Rxf7 37. Kg2 Kg6 38. e6 Rg7 39. Kf3 Kf5 40.
Rd7 Kxe6 41. Rxb7 Rf7+ 42. Ke2 Ke5 43. Nd2 Bg5 44. Nf3+ Kf4 45. Rxf7+ Nxf7 46.
Nd4 Ne5 47. b4 Ke4 48. Ne6 Be7 49. b5 Nxc4 50. bxc6 Ke5 51. c7 Nb6 52. Ng7 Bf8
53. Nh5 Kf5 54. Kf3 Bd6 55. h3 Bxc7 56. Ng7+ Kg6 57. Ne6 Bg3 58. Kg4 Nd5 59. a4
Nc3 60. a5 Ne4 61. Nd8 Nc5 62. a6 Nd7 63. Kf3 Bc7 64. Ne6 Bb6 65. Kg4 Nc5 66.
Nf4+ Kf7 67. Kxh4 Nxa6 68. Kg4 Nb4 69. Kf5 a5 70. Ng6 Nd3 71. Nh4 a4 72. Nf3 a3
73. Nd2 Ne1 0-1

[Event "Superettan(Malmo-Solna)"]
[Site "?"]
[Date "2016.03.18"]
[Round "7"]
[White "Andersson, Ulf"]
[Black "Lundvik, Jonas"]
[Result "1-0"]
[WhiteElo "2512"]
[BlackElo "2186"]
[PlyCount "95"]
1. Nf3 e6 2. c4 Nf6 3. g3 b6 4. Bg2 Bb7 5. O-O c5 6. Nc3 Be7 7. d4 cxd4 8. Qxd4
O-O 9. Rd1 Nc6 10. Qf4 Qb8 11. b3 Rd8 12. Bb2 Qxf4 13. gxf4 Rac8 14. Rac1 Kf8
15. e3 h6 16. Nd4 Nxd4 17. Bxb7 Rb8 18. Bg2 Nf5 19. Rd2 a6 20. Ne4 Nh4 21. Bh1
Ne8 22. Kf1 f5 23. Nc3 g5 24. fxg5 hxg5 25. Rcd1 d6 26. Ne2 e5 27. Nc3 e4 28.
Nd5 Kf7 29. h3 Bf8 30. Nb4 Ra8 31. Ke2 Rdc8 32. Rf1 Be7 33. f3 exf3+ 34. Bxf3
Nxf3 35. Rxf3 Kg6 36. Rd5 a5 37. Nd3 a4 38. Rdxf5 axb3 39. axb3 Ra2 40. Kd1 Ra5
41. Rf7 Bd8 42. Rf8 Be7 43. Rg8+ Kh7 44. Rh8+ Kg6 45. Nb4 Rf5 46. Rxf5 Kxf5 47.
Nd5 Ke6 48. Rh6+ 1-0

[Event "Superettan(Kamraterna-Rockaden,SthlmII)"]
[Site "?"]
[Date "2016.03.18"]
[Round "7"]
[White "Tuomainen, Felix"]
[Black "Svenn, Matti"]
[Result "1/2-1/2"]
[WhiteElo "2055"]
[BlackElo "2157"]
[PlyCount "67"]
1. d4 d5 2. Nf3 e6 3. c4 Nf6 4. Nc3 Be7 5. e3 O-O 6. Bd3 c5 7. cxd5 exd5 8.
dxc5 Bxc5 9. h3 Nc6 10. O-O a6 11. Ne2 Qd6 12. b3 Bd7 13. Bb2 Rad8 14. Rc1 Ba7
15. Bb1 Rfe8 16. Ned4 Ne4 17. Nxc6 Bxc6 18. Bd4 Bb8 19. Re1 Bd7 20. Bb2 Ba7 21.
Bxe4 Rxe4 22. Ng5 Bb8 23. f4 Ree8 24. Be5 Rxe5 25. fxe5 Qxe5 26. Nf3 Qh5 27.
Nd4 Qe5 28. Nf3 Qh5 29. Nd4 Qe5 30. Qf3 Ba7 31. Rcd1 Re8 32. Qf2 h6 33. Kh1 Re7
34. Kg1 1/2-1/2

[Event "Superettan(Malmo-Solna)"]
[Site "?"]
[Date "2016.03.18"]
[Round "7"]
[White "Lindborg, Petter"]
[Black "Persson, Richard"]
[Result "1-0"]
[WhiteElo "2210"]
[BlackElo "2142"]
[PlyCount "45"]
1. d4 e6 2. c4 d5 3. Nc3 c6 4. e4 Bb4 5. Bd2 dxc4 6. Bxc4 Qxd4 7. Qe2 b5 8. Bd3
Nd7 9. Nf3 Qb6 10. O-O Bxc3 11. bxc3 a6 12. e5 Ne7 13. Ng5 Ng6 14. Be3 Qc7 15.
f4 c5 16. Qh5 Bb7 17. Nxf7 Kxf7 18. f5 Qxe5 19. fxg6+ Ke8 20. Qh3 Bd5 21. Rae1
Qxc3 22. Bg5 c4 23. Rxe6+ 1-0

[Event "Superettan(Kamraterna-Rockaden,SthlmII)"]
[Site "?"]
[Date "2016.03.18"]
[Round "7"]
[White "Borvander, Tom"]
[Black "Nikolic, Vladan"]
[Result "1/2-1/2"]
[WhiteElo "2159"]
[BlackElo "2040"]
[PlyCount "145"]
[SourceDate "2016.04.06"]
1. d4 Nf6 2. c4 g6 3. Nc3 Bg7 4. Nf3 O-O 5. g3 d6 6. Bg2 Nbd7 7. O-O e5 8. e4
a6 9. Re1 exd4 10. Nxd4 Ng4 11. h3 Qf6 12. Nf3 Nge5 13. Nd5 Qd8 14. Nxe5 Nxe5
15. Qc2 Be6 16. Be3 c5 17. Rab1 b5 18. b3 Rb8 19. cxb5 axb5 20. Nf4 Nc6 21. Ne2
Qd7 22. Kh2 Ra8 23. Qd2 Nb4 24. Nc1 Ra6 25. Rd1 Qc7 26. a3 Rxa3 27. Qxd6 Qxd6
28. Rxd6 Rc8 29. Bf1 Nc2 30. Bf4 Nd4 31. Rb6 g5 32. Be3 b4 33. Kg2 Nxb3 34.
Rxe6 Nxc1 35. Rd6 Na2 36. Rbd1 Raa8 37. Ba6 Rcb8 38. Bc4 Nc3 39. R1d3 h6 40.
Rd7 b3 41. Bxf7+ Kh8 42. Bxb3 Rxb3 43. Rc7 Bd4 44. Rc6 Bxe3 45. Rxe3 Rab8 46.
Rxc5 Na4 47. Rxb3 Rxb3 48. Rc6 Kg7 49. Rc7+ Kg8 50. Rc8+ Kf7 51. Rc7+ Ke8 52.
Rh7 Rb6 53. f4 gxf4 54. gxf4 Nc5 55. e5 Kf8 56. Kf3 Kg8 57. Ra7 Ne6 58. Ra4 Kg7
59. Kg4 Nc5 60. Rc4 Nd3 61. Rc3 Nf2+ 62. Kf5 Rb7 63. Rg3+ Kh7 64. Rf3 Rb2 65.
Ra3 Rb7 66. Rf3 Rb2 67. Re3 Kg7 68. h4 Rb7 69. Rg3+ Kh7 70. Rf3 Rb2 71. h5 Ra2
72. Rb3 Ra7 73. Rf3 1/2-1/2

[Event "Superettan(Malmo-Solna)"]
[Site "?"]
[Date "2016.03.18"]
[Round "7"]
[White "Johansson, Thomas"]
[Black "Steneskog, Per"]
[Result "0-1"]
[WhiteElo "2167"]
[BlackElo "2176"]
[PlyCount "136"]
1. d4 Nf6 2. Bg5 d5 3. e3 c5 4. Bxf6 gxf6 5. Nc3 e6 6. Qf3 cxd4 7. exd4 Be7 8.
Bd3 a6 9. Nge2 b5 10. Nf4 Bb7 11. Qh5 Qd6 12. Qh6 Nd7 13. O-O-O b4 14. Nb1 a5
15. Rhe1 Ba6 16. g3 Bxd3 17. Rxd3 Rc8 18. Rde3 Rc6 19. Qg7 Rf8 20. Qxh7 f5 21.
Nxe6 Nf6 22. Ng7+ Kd8 23. Qxf5 Ne4 24. Rxe4 dxe4 25. Qxa5+ Kd7 26. Nf5 Bg5+ 27.
Kd1 Qg6 28. h4 Qh5+ 29. Re2 Bd8 30. Qb5 Kc7 31. d5 Rb6 32. Qc5+ Kd7 33. Qxf8
Qxf5 34. Nd2 Rd6 35. Rxe4 Qxd5 36. Qe8+ Kc8 37. Re2 Qxa2 38. Re3 Qb1+ 39. Ke2
Qxc2 40. Qxf7 Rxd2+ 41. Kf1 Qc6 42. Qf5+ Kb7 43. Rf3 Rxb2 44. Kg1 Rc2 45. Kh2
Bc7 46. Rb3 Bd6 47. Rd3 Rc3 48. Rd4 Rc1 49. Kh3 Bc5 50. Re4 Rd1 51. h5 Rd5 52.
Qf7+ Qd7+ 53. Qxd7+ Rxd7 54. f4 b3 55. Re1 b2 56. Rb1 Bd4 57. g4 Rc7 58. g5 Rc1
59. Rxb2+ Bxb2 60. Kg4 Kc6 61. h6 Rh1 62. Kf5 Kd7 63. Kg6 Ke8 64. f5 Kf8 65. f6
Bc1 66. h7 Bxg5 67. h8=Q+ Rxh8 68. Kxg5 Kf7 0-1

[Event "Superettan(Kamraterna-Rockaden,SthlmII)"]
[Site "?"]
[Date "2016.03.18"]
[Round "7"]
[White "Jovic, Rado"]
[Black "Madebrink, Lars"]
[Result "0-1"]
[WhiteElo "2037"]
[BlackElo "2215"]
[PlyCount "96"]
1. e4 c5 2. Nf3 d6 3. d4 cxd4 4. Nxd4 Nf6 5. Nc3 a6 6. Bg5 Nbd7 7. Qd2 e6 8.
O-O-O Qc7 9. f3 Be7 10. Be2 b5 11. Bxb5 axb5 12. Ndxb5 Qc5 13. Be3 Qc6 14.
Nxd6+ Kf8 15. g4 Ne5 16. g5 Ne8 17. Nxc8 Rxc8 18. Qe2 Nc4 19. Rd3 Nxe3 20. Qxe3
Nd6 21. f4 Nc4 22. Qe2 Qc7 23. Rf1 Qa5 24. a4 Qb4 25. Nd1 Qxa4 26. c3 Qa1+ 27.
Kc2 Rb8 28. Rd8+ Rxd8 29. Qxc4 Ra8 30. e5 Qa4+ 31. Qxa4 Rxa4 32. b4 h6 33. Kb3
Ra1 34. Kb2 Ra8 35. h4 hxg5 36. hxg5 Rh2+ 37. Kb3 Ra1 38. b5 Bc5 39. Kc4 Bb6
40. Ne3 Rxf1 41. Nxf1 Rf2 42. Ng3 Rxf4+ 43. Kb3 Rg4 44. Ne2 Rxg5 45. c4 Rxe5
46. Nc3 Re3 47. Kb4 Rxc3 48. Kxc3 Ke7 0-1

[Event "Superettan(Malmo-Solna)"]
[Site "?"]
[Date "2016.03.18"]
[Round "7"]
[White "Dalmau, Jorgen"]
[Black "Lindahl, Jonas"]
[Result "1-0"]
[WhiteElo "2130"]
[BlackElo "2116"]
[PlyCount "65"]
1. e4 e6 2. d4 d5 3. Nd2 Nf6 4. Bd3 c5 5. c3 Nc6 6. Ngf3 cxd4 7. cxd4 dxe4 8.
Nxe4 Be7 9. O-O Nxe4 10. Bxe4 Bf6 11. Be3 O-O 12. Qd3 g6 13. Rad1 Nb4 14. Qb3
Nd5 15. Bh6 Re8 16. Rfe1 Re7 17. Ne5 Bg7 18. Bxg7 Kxg7 19. h4 Nf6 20. Bf3 Qb6
21. Qe3 h6 22. Nc4 Qb5 23. b3 Rd7 24. Qe5 Qxe5 25. dxe5 Nd5 26. Nd6 Nb6 27. Rc1
Kf8 28. Be2 a6 29. a4 Rd8 30. Rc7 Nd5 31. Rxf7+ Kg8 32. Rf3 b6 33. Bd3 1-0

[Event "Superettan(Kamraterna-Rockaden,SthlmII)"]
[Site "?"]
[Date "2016.03.18"]
[Round "7"]
[White "Nyberg, Ulf"]
[Black "Bednarski, Dawid"]
[Result "1-0"]
[WhiteElo "2117"]
[BlackElo "1986"]
[PlyCount "87"]
[EventDate "2016.??.??"]
1. d4 Nf6 2. c4 g6 3. Nc3 d5 4. cxd5 Nxd5 5. e4 Nb6 6. h3 Bg7 7. Nf3 O-O 8. Be2
c6 9. O-O N8d7 10. Be3 e5 11. dxe5 Nxe5 12. Nxe5 Bxe5 13. Qc2 Qe7 14. Rad1 Be6
15. b3 Rfd8 16. Nb1 Bg7 17. Nd2 Nd7 18. Nf3 Nf6 19. Rxd8+ Qxd8 20. Ng5 Qe8 21.
Rd1 h6 22. Nxe6 Qxe6 23. f3 Nd5 24. Bc1 Nc3 25. Bc4 Qe7 26. Rd2 b5 27. Bf1 c5
28. Rd3 b4 29. Be3 a5 30. Qf2 Rc8 31. Rd2 a4 32. Bc4 a3 33. Ba6 Rc7 34. Bc4 Bf8
35. Qg3 Kh7 36. Kh1 Rd7 37. Bxc5 Qxc5 38. Rxd7 Bg7 39. Bxf7 Qg5 40. Qb8 h5 41.
Bc4 Kh6 42. Rxg7 Qc1+ 43. Kh2 Kxg7 44. f4 1-0

[Event "Superettan(Malmo-Solna)"]
[Site "?"]
[Date "2016.03.18"]
[Round "7"]
[White "Nizov, Anton"]
[Black "Bjarnehag, Peter"]
[Result "1/2-1/2"]
[WhiteElo "2121"]
[BlackElo "2125"]
[PlyCount "157"]
1. d4 e6 2. c4 b6 3. Nf3 Bb7 4. g3 f5 5. Bg2 Bb4+ 6. Bd2 Bxd2+ 7. Qxd2 Nf6 8.
Nc3 Ne4 9. Qe3 Nxc3 10. Qxc3 O-O 11. O-O Qe7 12. Rad1 d6 13. b4 a5 14. a3 Nd7
15. Rfe1 Nf6 16. Qe3 axb4 17. axb4 Ra4 18. Qc3 b5 19. Ra1 Rfa8 20. Rxa4 Rxa4
21. Qb3 Ra7 22. cxb5 Bd5 23. Qd3 Qd7 24. Nd2 Bxg2 25. Kxg2 Rb7 26. Rc1 Ne8 27.
Rc6 Qd8 28. d5 Qf6 29. Ra6 Qe5 30. Ra8 Kf7 31. dxe6+ Qxe6 32. e4 Nf6 33. exf5
Qd5+ 34. Qxd5+ Nxd5 35. Ra5 Nc3 36. Kf3 Nxb5 37. Ke4 Na7 38. Ra4 Nc6 39. b5 Na7
40. b6 cxb6 41. Kd5 b5 42. Rb4 Re7 43. Nf3 Re2 44. Ng5+ Ke7 45. Ne4 Kd7 46. f6
gxf6 47. Nxf6+ Kc7 48. Ne4 Nc6 49. Rxb5 Ne7+ 50. Kd4 d5 51. Rxd5 Nxd5 52. Kxd5
Kd8 53. h4 Ke7 54. Ke5 Ra2 55. g4 Ra5+ 56. Kd4 h6 57. f3 Kf7 58. Nd6+ Kg7 59.
Nf5+ Kh7 60. Ke4 Ra4+ 61. Nd4 Ra1 62. Kf5 Rh1 63. h5 Rd1 64. Ne6 Rd5+ 65. Kf6
Rd3 66. f4 Rg3 67. g5 Rh3 68. g6+ Kg8 69. Ng7 Rh4 70. f5 Rh1 71. Ne6 Rxh5 72.
g7 Kh7 73. Nf8+ Kg8 74. Ne6 Kh7 75. Nf8+ Kg8 76. Ne6 Kh7 77. Nf8+ Kg8 78. Ne6
Kh7 79. Nf8+ 1/2-1/2

[Event "Superettan(Orgryte-Vasteras II)"]
[Site "?"]
[Date "2016.03.18"]
[Round "7"]
[White "Norberg, Erik"]
[Black "Tukhaev, Adam"]
[Result "0-1"]
[WhiteElo "2232"]
[BlackElo "2556"]
[PlyCount "76"]
[SourceDate "2016.04.04"]
1. g3 Nf6 2. Bg2 g6 3. c4 Bg7 4. Nc3 O-O 5. e4 d6 6. Nge2 e5 7. O-O Nc6 8. d3
Be6 9. Nd5 Nd7 10. Rb1 a5 11. f4 Nc5 12. Be3 Nd4 13. Qd2 c6 14. Bxd4 exd4 15.
f5 cxd5 16. fxe6 fxe6 17. exd5 e5 18. b3 Qd7 19. h3 h5 20. Qg5 Kh7 21. g4 Bh6
22. Qh4 Be3+ 23. Kh1 Qd8 24. Qxd8 Raxd8 25. gxh5 Nxd3 26. hxg6+ Kh6 27. Ng3
Nf2+ 28. Kh2 Rf4 29. b4 axb4 30. Rxb4 Rd7 31. Rb6 d3 32. g7 Kxg7 33. Nh5+ Kh6
34. Nxf4 Bxb6 35. Ne6 d2 36. Bf3 Rf7 37. Kg2 Nd3 38. Bg4 Ne1+ 0-1

[Event "Superettan(Upsala-Rockaden,Umea)"]
[Site "?"]
[Date "2016.03.18"]
[Round "7"]
[White "Wickstrom, Lucas"]
[Black "Burwick, Malte"]
[Result "1-0"]
[WhiteElo "2379"]
[BlackElo "2234"]
[PlyCount "87"]
1. d4 d6 2. Nf3 g6 3. c4 Bg7 4. Nc3 Nf6 5. e4 O-O 6. Be2 e5 7. O-O Nc6 8. d5
Ne7 9. b4 Ne8 10. Nd2 a5 11. Ba3 axb4 12. Bxb4 c5 13. dxc6 Nxc6 14. a3 f5 15.
c5 Nxb4 16. axb4 Rxa1 17. Qxa1 fxe4 18. Bc4+ Kh8 19. Ndxe4 dxc5 20. bxc5 Nf6
21. Rd1 Qc7 22. Nb5 Qc6 23. Ng5 Qxc5 24. Nf7+ Kg8 25. Nxe5+ Nd5 26. Qa2 Rd8 27.
Bxd5+ Kf8 28. Qc4 Qxc4 29. Nxc4 Be6 30. Ne3 Bxd5 31. Rxd5 Rxd5 32. Nxd5 Kf7 33.
Nbc7 Be5 34. h3 h5 35. Kf1 Bd4 36. Ke2 Bc5 37. f3 Bd6 38. Kd3 Bc5 39. Ke4 Bg1
40. Nb5 Bc5 41. Ke5 Kg7 42. Nd6 b6 43. Nc8 b5 44. Nc7 1-0

[Event "Superettan(Vaxjo-Schack 08)"]
[Site "?"]
[Date "2016.03.18"]
[Round "7"]
[White "Renman, Nils-Gustaf"]
[Black "Olofsson-Dolk, Mattis"]
[Result "1-0"]
[WhiteElo "2343"]
[BlackElo "2263"]
[PlyCount "95"]
1. d4 Nf6 2. Nf3 g6 3. c4 Bg7 4. Nc3 d5 5. cxd5 Nxd5 6. e4 Nxc3 7. bxc3 c5 8.
Be3 Qa5 9. Qd2 Nc6 10. Rc1 cxd4 11. cxd4 Qxd2+ 12. Kxd2 O-O 13. d5 Rd8 14. Kc2
Na5 15. Bg5 Kf8 16. Kb1 b6 17. Rc7 Rd7 18. Rxd7 Bxd7 19. Ba6 e6 20. dxe6 Bxe6
21. Rc1 b5 22. Rc7 Nc4 23. Be7+ Kg8 24. Ng5 Be5 25. Nxe6 fxe6 26. Rd7 Nb6 27.
Rd3 Rb8 28. a3 Kf7 29. Bb4 Bf6 30. Kc2 g5 31. Bd6 Rd8 32. Bxb5 Rc8+ 33. Kb3 g4
34. a4 Rc1 35. e5 Bg5 36. Rc3 Rb1+ 37. Ka2 Nd5 38. Rc8 Rd1 39. Ra8 Nc3+ 40. Kb2
Rc1 41. Be8+ Kg7 42. Rxa7+ Kh8 43. Ra8 Kg7 44. Bh5 Nd1+ 45. Kb3 Rb1+ 46. Kc4
Rc1+ 47. Kd4 Nb2 48. Bf8+ 1-0

[Event "Superettan(Orgryte-Vasteras II)"]
[Site "?"]
[Date "2016.03.18"]
[Round "7"]
[White "Ziegler, Ari"]
[Black "Nilsson, Andre"]
[Result "1-0"]
[WhiteElo "2295"]
[BlackElo "2233"]
[PlyCount "91"]
[EventDate "2016.??.??"]
1. d4 g6 2. c4 Bg7 3. e4 d6 4. Nc3 Nf6 5. Nf3 O-O 6. Be2 Nbd7 7. e5 Ne8 8. O-O
c5 9. Bg5 h6 10. Be3 dxe5 11. dxe5 Nc7 12. Qc2 b6 13. Qe4 Rb8 14. Rad1 Qe8 15.
Qh4 Nxe5 16. Nxe5 Bxe5 17. Bxh6 Bg7 18. Rfe1 e5 19. Ne4 f6 20. Nd6 Qe7 21. Bd3
Bxh6 22. Qxh6 Qg7 23. Qxg6 Bg4 24. f3 Qxg6 25. Bxg6 Bd7 26. f4 Kg7 27. Bf5 Be6
28. fxe5 Rbd8 29. Bxe6 Nxe6 30. exf6+ Rxf6 31. Rxe6 Rxe6 32. Nf5+ Kf6 33. Rxd8
Kxf5 34. Kf2 Ke4 35. g3 Rf6+ 36. Ke2 Rh6 37. h4 Rg6 38. Kf2 a6 39. b3 b5 40. h5
Rf6+ 41. Kg2 bxc4 42. bxc4 Rb6 43. Rd5 Rb2+ 44. Kh3 Rxa2 45. h6 Ra1 46. Kg4 1-0

[Event "Superettan(Upsala-Rockaden,Umea)"]
[Site "?"]
[Date "2016.03.18"]
[Round "7"]
[White "Johansson, Jan"]
[Black "Petrov, Marijan"]
[Result "1-0"]
[WhiteElo "2368"]
[BlackElo "2465"]
[PlyCount "61"]
1. d4 c5 2. d5 g6 3. e4 Bg7 4. Nf3 d6 5. Be2 Nf6 6. Nc3 O-O 7. O-O e6 8. dxe6
Bxe6 9. Bf4 d5 10. e5 Nh5 11. Bg5 Qd7 12. Qd2 Nc6 13. Rfe1 f6 14. exf6 Bxf6 15.
Rad1 Rad8 16. Bb5 Qc8 17. Bxf6 Nxf6 18. Qe3 d4 19. Qxe6+ Qxe6 20. Rxe6 dxc3 21.
Rb1 Na5 22. bxc3 Nd5 23. Bf1 Nxc3 24. Rbe1 Rd1 25. Rxd1 Nxd1 26. Ng5 Nxf2 27.
Re7 Ng4 28. Ne6 Rc8 29. Bb5 Ne3 30. Ng5 Rf8 31. Rxe3 1-0

[Event "Superettan(Vaxjo-Schack 08)"]
[Site "?"]
[Date "2016.03.18"]
[Round "7"]
[White "Rydstrom, Tom"]
[Black "Laveryd, Peter"]
[Result "0-1"]
[WhiteElo "2307"]
[BlackElo "2386"]
[PlyCount "60"]
1. e4 Nc6 2. Nc3 e6 3. Nf3 d5 4. d4 Nf6 5. e5 Ne4 6. Bd3 Bb4 7. Bd2 Nxd2 8.
Qxd2 f6 9. a3 Bxc3 10. Qxc3 fxe5 11. dxe5 Bd7 12. h4 Qe7 13. b4 a6 14. Ng5 d4
15. Qd2 Nxe5 16. Bxh7 Qf6 17. O-O-O Nc6 18. Rh3 O-O-O 19. Rf3 Qe7 20. Rf7 Qd6
21. Rxg7 Qe5 22. Rf7 Be8 23. Rf4 Qd5 24. Kb1 Rxh7 25. Nxh7 Bg6 26. Ka1 Bxh7 27.
g4 e5 28. Rf6 Bg8 29. c4 Qxc4 30. Rc1 Qb3 0-1

[Event "Superettan(Orgryte-Vasteras II)"]
[Site "?"]
[Date "2016.03.18"]
[Round "7"]
[White "Brustkern, Jurgen"]
[Black "Arnelind, Mikael"]
[Result "0-1"]
[WhiteElo "2198"]
[BlackElo "2194"]
[PlyCount "70"]
1. e4 e6 2. Nf3 d5 3. e5 c5 4. b4 cxb4 5. a3 Nh6 6. h4 bxa3 7. d4 Nc6 8. c3 Bd7
9. Bd3 b5 10. Bxb5 Nxe5 11. Bxd7+ Nxd7 12. Bxh6 gxh6 13. Qa4 Bg7 14. Ne5 Bxe5
15. dxe5 Qc7 16. O-O O-O 17. Rxa3 Nxe5 18. Qf4 f6 19. c4 dxc4 20. Nd2 Kh8 21.
Ne4 Qg7 22. Rg3 Ng6 23. Qc1 h5 24. Re1 e5 25. Qxc4 Qf7 26. Qa6 Rad8 27. Rb1 Rd7
28. Rf3 Nf4 29. g3 Qg6 30. Re1 Re7 31. Kh2 Qg4 32. Rxf4 exf4 33. Nxf6 fxg3+ 34.
fxg3 Qg7 35. Nxh5 Qb2+ 0-1

[Event "Superettan(Vaxjo-Schack 08)"]
[Site "?"]
[Date "2016.03.18"]
[Round "7"]
[White "Rosberg, Simon"]
[Black "Carstensen, Jacob"]
[Result "1-0"]
[WhiteElo "2317"]
[BlackElo "2354"]
[PlyCount "59"]
1. Nf3 Nf6 2. c4 e6 3. g3 d5 4. d4 dxc4 5. Bg2 Be7 6. O-O O-O 7. Qc2 b6 8. Bg5
Bb7 9. Bxf6 Bxf6 10. Ng5 Bxg5 11. Bxb7 Nd7 12. Bxa8 Qxa8 13. Qxc4 c5 14. Nc3
cxd4 15. Qxd4 Nc5 16. Rfd1 Rc8 17. Qg4 h6 18. h4 Bf6 19. Rac1 a5 20. Na4 Nxa4
21. Rxc8+ Qxc8 22. Qxa4 Bxb2 23. Qb3 Bf6 24. Qxb6 a4 25. Qb5 a3 26. h5 Qa8 27.
Rd6 Qe4 28. Ra6 Qc2 29. Qe8+ Kh7 30. Ra8 1-0

[Event "Superettan(Orgryte-Vasteras II)"]
[Site "?"]
[Date "2016.03.18"]
[Round "7"]
[White "Kumar, Rahul"]
[Black "Janse, Rasmus"]
[Result "0-1"]
[WhiteElo "2176"]
[BlackElo "2214"]
[PlyCount "80"]
1. g3 g6 2. Bg2 Bg7 3. Nc3 c5 4. d3 Nc6 5. e4 d6 6. Nf3 Nf6 7. Bg5 O-O 8. Qd2
Rb8 9. O-O b5 10. Bh6 b4 11. Ne2 Qb6 12. Bxg7 Kxg7 13. h3 e5 14. Nh4 Nd4 15.
Nxd4 cxd4 16. f4 Ne8 17. f5 f6 18. fxg6 hxg6 19. Rf2 Rh8 20. Raf1 Qc7 21. Rf3
Be6 22. Qf2 Qe7 23. g4 Rc8 24. g5 fxg5 25. Nf5+ gxf5 26. exf5 Bxa2 27. f6+ Nxf6
28. Rxf6 Rcf8 29. Rxf8 Rxf8 30. Qd2 Rxf1+ 31. Kxf1 Qf6+ 32. Ke1 Bf7 33. Qxb4
Kh6 34. Qb8 Kh5 35. Qf8 g4 36. hxg4+ Kxg4 37. Kd1 Kg3 38. Qa8 Qf4 39. c4 dxc3
40. bxc3 Bb3+ 0-1

[Event "Superettan(Upsala-Rockaden,Umea)"]
[Site "?"]
[Date "2016.03.18"]
[Round "7"]
[White "Thorgeirsson, Sverrir"]
[Black "Forsberg, Viktor"]
[Result "0-1"]
[WhiteElo "2283"]
[BlackElo "2370"]
[PlyCount "78"]
1. d4 d5 2. c4 e6 3. Nc3 Be7 4. cxd5 exd5 5. Bf4 c6 6. Qc2 Nf6 7. e3 Nh5 8. Bg3
Nd7 9. Bd3 Nxg3 10. hxg3 Nf6 11. Nf3 h6 12. O-O O-O 13. Rab1 a5 14. a3 Bd6 15.
Rfc1 Re8 16. Bf5 Qe7 17. Re1 Ne4 18. Bxc8 Raxc8 19. Nxe4 dxe4 20. Nd2 h5 21.
Nb3 h4 22. gxh4 Qxh4 23. g3 Qh3 24. Qe2 Re6 25. Qf1 Qf5 26. Rbc1 Rg6 27. Rc2
Kh7 28. Qg2 Rh8 29. Nc5 Bxc5 30. Rxc5 Qg4 31. Re5 f5 32. Rf1 Rg5 33. f4 Rh5 34.
Re6 Rh3 35. Kf2 Qh5 36. Kg1 Kg8 37. g4 Rh1+ 38. Kf2 Qh4+ 39. Ke2 Rh2 0-1